000 01082nam0a22002531 4500
001 v19\rc\1999008
005 20251118181256.7
035 _a(NLR Aleph) 005074773
090 _a7133392
_c7133392
100 _a20080811d1915 u y0rusy50 ca
101 0 _arus
102 _aRU
105 _ay z |||h|
200 1 _aСвятые сокровенные переживания пастырства, как достояние религиозно-исторического опыта
_eРечь, произнес. на акте Сарат. духов. семинарии 26 сент. 1913 г.
_fПрот. В. Воробьев
210 _aСаратов
_cтип. Союза печ. дела
_d1915
215 _a[2], 13 с.
_d25
700 1 _7ca
_8rus
_aВоробьев
_bВ. И.
_cсвященнослужитель
_f1875-1937
_gВладимир Иванович
_92707850
_3RU\NLR\AUTH\770293261
801 0 _aRU
_bNLR
_gpsbo
801 0 _aRU
_bRuMoRGB
_2psbo
801 1 _aRU
_bProSoft-M
_2rusmarc
852 _aNLR
_j34.104.5.138
899 _aRuMoRGB
_jV 116/31
942 _cBOOK
980 _aNB